| Tag |
First Indicator |
Second Indicator |
Subfields |
| LEADER |
00000cam a2200000Ka 4500 |
| 001 |
in00002401421 |
| 005 |
20211129160437.0 |
| 006 |
m d f |
| 008 |
080721s2006 dcu s f000 0 eng d |
| 035 |
|
|
|a (OCoLC)ocn234304067
|
| 040 |
|
|
|a GPO
|c GPO
|d MvI
|d UtOrBLW
|
| 049 |
|
|
|a WWW
|
| 074 |
|
|
|a 0424-J-08 (online)
|
| 086 |
0 |
|
|a D 301.134:2-9.1
|
| 110 |
1 |
|
|a United States.
|b Air Force.
|
| 245 |
1 |
0 |
|a Weather operations.
|
| 264 |
|
1 |
|a [Washington, D.C.] :
|b U.S. Air Force,
|c [2006]
|
| 300 |
|
|
|a vi, 35 pages :
|b digital, PDF file.
|
| 336 |
|
|
|a text
|b txt
|2 rdacontent
|
| 337 |
|
|
|a computer
|b c
|2 rdamedia
|
| 338 |
|
|
|a unspecified
|b zu
|2 rdacarrier
|
| 490 |
1 |
|
|a Air Force doctrine document ;
|v 2-91
|
| 538 |
|
|
|a Mode of access: Internet from the Air Force E-Publishing web site. Address as of 7/21/08: http://www.e-publishing.af.mil/shared/media/epubs/AFDD2-9.1.pdf ; current access available via PURL.
|
| 500 |
|
|
|a Title from title screen (viewed on July 21, 2008).
|
| 500 |
|
|
|a "3 May 2006."
|
| 500 |
|
|
|a Electronic resource.
|
| 650 |
|
0 |
|a Military meteorology.
|
| 830 |
|
0 |
|a Air Force doctrine document ;
|v 2-91.
|
| 856 |
4 |
0 |
|u https://purl.fdlp.gov/GPO/LPS97519
|t 0
|
| 999 |
|
|
|a MARS
|
| 999 |
f |
f |
|s 90d8929f-c139-3d36-8c56-621187422faa
|i e8f47ba4-bc57-3e00-b004-2079e50a3acc
|t 0
|
| 952 |
f |
f |
|a Texas A&M University
|b College Station
|c Electronic Resources
|d Available Online
|t 0
|e D 301.134:2-9.1
|h Superintendent of Documents classification
|
| 998 |
f |
f |
|a D 301.134:2-9.1
|t 0
|l Available Online
|